Season, Team | Player |
2011-12, ORL | Dwight Howard | | 99.3% | 2007-08, ORL | Dwight Howard | | 99.3% | 2010-11, ORL | Dwight Howard | | 99.3% | 2008-09, ORL | Dwight Howard | | 99.3% | 2009-10, ORL | Dwight Howard | | 99.3% | 2005-06, ORL | Dwight Howard | | 99.3% | 2012-13, LAL | Dwight Howard | | 99.3% | 2006-07, ORL | Dwight Howard | | 99.3% | 2004-05, ORL | Dwight Howard | | 99.3% | 1999-00, LAL | Shaquille O'Neal | | 99% | 2013-14, HOU | Dwight Howard | | 99% | 2014-15, HOU | Dwight Howard | | 98.9% | 2000-01, LAL | Shaquille O'Neal | | 98.8% | 2003-04, LAL | Shaquille O'Neal | | 98.8% | 2002-03, LAL | Shaquille O'Neal | | 98.8% | 2001-02, LAL | Shaquille O'Neal | | 98.8% | 2001-02, IND | Jermaine O'Neal | | 98.8% | 2004-05, MIA | Shaquille O'Neal | | 98.8% | 2002-03, IND | Jermaine O'Neal | | 98.8% | 2003-04, MIN | Kevin Garnett | | 98.6% | 2004-05, MIN | Kevin Garnett | | 98.6% | 2001-02, MIN | Kevin Garnett | | 98.6% | 2002-03, MIN | Kevin Garnett | | 98.6% | 2006-07, MIN | Kevin Garnett | | 98.6% | 2005-06, MIN | Kevin Garnett | | 98.6% | 2000-01, MIN | Kevin Garnett | | 98.6% | 1999-00, SAS | Tim Duncan | | 98.5% | 2014-15, DET | Andre Drummond | | 98.3% | 2002-03, SAS | Tim Duncan | | 98.2% | 2001-02, SAS | Tim Duncan | | 98.2% | 2003-04, SAS | Tim Duncan | | 98.2% | 2000-01, SAS | Tim Duncan | | 98.2% | 2007-08, SAS | Tim Duncan | | 98.2% | 2004-05, SAS | Tim Duncan | | 98.2% | 2005-06, SAS | Tim Duncan | | 98.2% | 2008-09, SAS | Tim Duncan | | 98.2% | 2006-07, SAS | Tim Duncan | | 98.2% | 2009-10, SAS | Tim Duncan | | 98.2% | 1999-00, MIN | Kevin Garnett | | 98% | 2013-14, LAC | DeAndre Jordan | | 98% | 2013-14, DET | Andre Drummond | | 98% | 2002-03, DET | Ben Wallace | | 97.9% | 2010-11, MIN | Kevin Love | | 97.9% | 2000-01, DET | Ben Wallace | | 97.9% | 2001-02, DET | Ben Wallace | | 97.9% | 2003-04, DET | Ben Wallace | | 97.9% | 2004-05, DET | Ben Wallace | | 97.9% | 2011-12, MIN | Kevin Love | | 97.9% | 2009-10, LAL | Pau Gasol | | 97.9% | 2005-06, DET | Ben Wallace | | 97.9% | 2009-10, MIN | Kevin Love | | 97.9% | 2006-07, CHI | Ben Wallace | | 97.9% | 2011-12, LAL | Pau Gasol | | 97.9% | 2010-11, LAL | Pau Gasol | | 97.9% | 2009-10, CHA | Gerald Wallace | | 97.9% | 2014-15, LAC | DeAndre Jordan | | 97.8% | 2014-15, CHI | Pau Gasol | | 97.2% | 2010-11, MEM | Zach Randolph | | 97% | 2009-10, MEM | Zach Randolph | | 97% |
|
Season, Team | Player |
2012-13, MEM | Zach Randolph | | 97% | 2003-04, POR | Zach Randolph | | 97% | 2007-08, NYK | Zach Randolph | | 97% | 2008-09, NYK/LAC | Zach Randolph | | 97% | 2006-07, POR | Zach Randolph | | 97% | 2014-15, SAC | DeMarcus Cousins | | 96.7% | 2013-14, MEM | Zach Randolph | | 96.6% | 2013-14, MIN | Kevin Love | | 96.6% | 2013-14, SAC | DeMarcus Cousins | | 96.6% | 2014-15, MEM | Zach Randolph | | 96.1% | 1999-00, ATL | Dikembe Mutombo | | 93.6% | 2000-01, ATL/PHI | Dikembe Mutombo | | 93.1% | 2010-11, LAC | Blake Griffin | | 93.1% | 2011-12, LAC | Blake Griffin | | 93.1% | 2001-02, PHI | Dikembe Mutombo | | 93.1% | 2011-12, LAL | Andrew Bynum | | 92.6% | 2007-08, LAL | Andrew Bynum | | 92.6% | 2012-13, CHI | Joakim Noah | | 91.7% | 2009-10, CHI | Joakim Noah | | 91.7% | 2010-11, CHI | Joakim Noah | | 91.7% | 2001-02, LAC | Elton Brand | | 91.5% | 2002-03, LAC | Elton Brand | | 91.5% | 2003-04, LAC | Elton Brand | | 91.5% | 2000-01, CHI | Elton Brand | | 91.5% | 2005-06, LAC | Elton Brand | | 91.5% | 2006-07, NOK | Tyson Chandler | | 91.2% | 2007-08, NOH | Tyson Chandler | | 91.2% | 2012-13, NYK | Tyson Chandler | | 91.2% | 2013-14, CHI | Joakim Noah | | 91.2% | 2013-14, POR | LaMarcus Aldridge | | 91.2% | 2000-01, SAC | Chris Webber | | 90.6% | 2002-03, SAC | Chris Webber | | 90.6% | 2001-02, SAC | Chris Webber | | 90.6% | 2013-14, NOP | Anthony Davis | | 90.2% | 2014-15, POR | LaMarcus Aldridge | | 90.1% | 2006-07, UTA | Carlos Boozer | | 89.6% | 2003-04, CLE | Carlos Boozer | | 89.6% | 2009-10, UTA | Carlos Boozer | | 89.6% | 2007-08, UTA | Carlos Boozer | | 89.6% | 2008-09, UTA | Carlos Boozer | | 89.6% | 2014-15, NOP | Anthony Davis | | 89.5% | 1999-00, SAC | Chris Webber | | 89.2% | 1999-00, CHI | Elton Brand | | 89.2% | 2007-08, HOU | Yao Ming | | 88.7% | 2005-06, HOU | Yao Ming | | 88.7% | 2014-15, DAL | Tyson Chandler | | 88.4% | 2013-14, GSW | Andrew Bogut | | 88.2% | 2007-08, DEN | Marcus Camby | | 88% | 2005-06, DEN | Marcus Camby | | 88% | 2006-07, DEN | Marcus Camby | | 88% | 2009-10, LAC/POR | Marcus Camby | | 88% | 2000-01, NYK | Marcus Camby | | 88% | 2010-11, MIL | Andrew Bogut | | 88% | 2008-09, LAC | Marcus Camby | | 88% | 2001-02, NYK | Marcus Camby | | 88% | 2008-09, MIL | Andrew Bogut | | 88% | 2009-10, MIL | Andrew Bogut | | 88% | 2010-11, POR | Marcus Camby | | 88% | 2003-04, DEN | Marcus Camby | | 88% |
|
Season, Team | Player |
2004-05, DEN | Marcus Camby | | 88% | 2011-12, SAC | DeMarcus Cousins | | 87.3% | 2009-10, TOR | Chris Bosh | | 86.9% | 2006-07, TOR | Chris Bosh | | 86.9% | 2008-09, TOR | Chris Bosh | | 86.9% | 2008-09, NYK | David Lee | | 86.4% | 2009-10, NYK | David Lee | | 86.4% | 2012-13, GSW | David Lee | | 86.4% | 2006-07, NYK | David Lee | | 86.4% | 2013-14, CHA | Al Jefferson | | 86.3% | 2013-14, ORL | Nikola Vucevic | | 85.8% | 2007-08, MIN | Al Jefferson | | 85.7% | 2006-07, BOS | Al Jefferson | | 85.7% | 2008-09, MIN | Al Jefferson | | 85.7% | 2014-15, ORL | Nikola Vucevic | | 85.6% | 2005-06, PHO | Shawn Marion | | 85% | 2004-05, PHO | Shawn Marion | | 85% | 2000-01, PHO | Shawn Marion | | 85% | 2007-08, PHO/MIA | Shawn Marion | | 85% | 2012-13, ATL | Al Horford | | 80.9% | 2012-13, CLE | Anderson Varejao | | 79.7% | 2011-12, CLE | Anderson Varejao | | 79.7% | 2006-07, CHA | Emeka Okafor | | 79.3% | 2004-05, CHA | Emeka Okafor | | 79.3% | 2007-08, CHA | Emeka Okafor | | 79.3% | 2008-09, CHA | Emeka Okafor | | 79.3% | 2005-06, CHA | Emeka Okafor | | 79.3% | 2000-01, TOR | Antonio Davis | | 79% | 2012-13, ORL | Nikola Vucevic | | 78.6% | 2007-08, LAL | Lamar Odom | | 77% | 2004-05, LAL | Lamar Odom | | 77% | 2007-08, WAS | Antawn Jamison | | 74.7% | 2007-08, LAC | Chris Kaman | | 74.4% | 2014-15, DET | Greg Monroe | | 68% | 2014-15, MIA | Hassan Whiteside | | 66.3% | 2012-13, HOU | Omer Asik | | 63.4% | 2010-11, TOR | Reggie Evans | | 62.2% | 2012-13, BRK | Reggie Evans | | 62.2% | 2000-01, DEN | Antonio McDyess | | 60.8% | 2003-04, SAC | Brad Miller | | 60.4% | 2007-08, PHI | Samuel Dalembert | | 59.4% | 2011-12, NJN | Kris Humphries | | 59.2% | 2010-11, NJN | Kris Humphries | | 59.2% | 1999-00, VAN | Shareef Abdur-Rahim | | 58.3% | 2008-09, IND | Troy Murphy | | 55.8% | 2004-05, GSW | Troy Murphy | | 55.8% | 2009-10, IND | Troy Murphy | | 55.8% | 2002-03, GSW | Troy Murphy | | 55.8% | 2005-06, GSW | Troy Murphy | | 55.8% | 2008-09, GSW | Andris Biedrins | | 55.3% | 2003-04, GSW | Erick Dampier | | 53.7% | 2004-05, NYK | Kurt Thomas | | 53.5% | 2003-04, PHI | Kenny Thomas | | 53.5% | 2012-13, POR | J.J. Hickson | | 46.1% | 2003-04, NOH | Jamaal Magloire | | 45.9% | 2002-03, MIA | Brian Grant | | 39.6% | 1999-00, HOU | Charles Barkley | | 32.8% | 2001-02, GSW | Danny Fortson | | 28.3% | 2001-02, CLE | Tyrone Hill | | 27.4% |
|
Comments